Statistics for Квиз о Венецуели

Click here to take the quiz!

General Stats

  • This quiz has been taken 43 times
  • The average score is 12 of 20

Answer Stats

ОписОдговор% Correct
Државе са којима се граничиКолумбија
97%
Званичан језикШпански
97%
Главни градКаракас
92%
Море на које Венецуела излазиКарипско море
92%
Највиши водопад на свету{Анђео}ски водопад
92%
Државе са којима се граничиБразил
92%
Наводно, Америго Веспучи је назвао Венецуелу према овом европском градуВенеција
86%
Државе са којима се граничиГвајана
84%
Венецуела има највише резерви ове сировине на светуНафта
76%
2018. ова бројка везана за валуту изнад је достигла вредност од 1000000%Инфлација
59%
Најпопуларнији спортБејзбол
57%
Вођа покрета за независност, по њему је названа државна валутаСимон Боливар
51%
Најдужа рекаОриноко
38%
Председник, 1999–2012Уго Чавез
38%
Председник, 2013–Николас Мадуро
32%
Некад се помиње као највеће језеро Јужне Америке, а некад га сматрају огромним заливомЈезеро {Маракаибо}
22%
Венецуеланке су освојиле 23 светска избора за ...Мис лепоте
19%
Анимирани Пиксаров филм у коме се могу видети планине изнадДо неба
16%
Острво у том мору које дели име са популарним коктеломМаргарита
11%
Реч на "Т" која означави планину са заравњеним врхом у југоисточној ВенецуелиТепуи
5%

Score Distribution

Percentile by Number Answered

Percent of People with Each Score

Your Score History

You have not taken this quiz